Drugs that are Painkillers (Analgesic/Anesthetic Medicines) - Statistics

General Stats
  • This quiz has been taken 956 times
    320 since last reset
  • The average score is 9 of 22
Answer Stats
Hint Drug % Correct
Active ingredient of Advil and Motrin ibuprofen
71%
The archetypal opioid morphine
69%
Opioid 83x stronger than morphine responsible for many deaths Fentanyl
68%
Common painkiller also known as acetylsalicylic acid aspirin
67%
Another name for the active ingredient of Tylenol paracetamol
64%
Active opioid in some cough syrups and "purple drank" codeine
58%
Active ingredient of Tylenol acetaminophen
57%
The active burning component of chili peppers capsaicin
49%
Active ingredient of OxyContin and Percocet oxycodone
49%
"Laughing gas" used by dentists nitrous oxide
48%
Local anesthetic on WHO's List of Essential Medicines lidocaine
46%
Recreational stimulant with local anesthetic properties cocaine
42%
Hundreds of years ago, the town surgeon gave you a swig of this alcohol
37%
Synthetic opioid agonist used to wean addicts off opioids Methadone
33%
Active ingredient of Aleve naproxen
28%
Active opioid in Vicodin hydrocodone
27%
General anesthetic that killed Michael Jackson propofol
26%
Strong-smelling compound (CHCl3) discovered in the 1840s chloroform
25%
Sweet-smelling compound ((C2H5)2O) that replaced the above diethyl ether
23%
Local anesthetic famously used in dentistry novocaine
17%
Found in throat sprays, cough drops, oral gels benzocaine
13%
Herbal painkiller Mitragyna speciosa with opioid-like effects kratom
13%
No matching quizzes found
Score Distribution
Percent of People with Each Score
Percentile by Number Answered
Your Score History
You have not taken this quiz since the last reset